The nonprofit organizational culture guide : revealing the hidden truths that impact performance

Main Author: Teegarden, Paige Hull
Other Authors: Sturm, Paul, Brinckerhoff, Peter, Hinden, Denice Rothman
Language:English
Published: San Francisco, CA: Jossey-Bass (A Wiley Imprint), 2011.
Subjects:
LEADER 01005cam a2200253 7i4500
001 0000095508
005 20140604090000.0
008 110904s2011 cau eng
020 # 0 |a 0470891548  
020 # 0 |a 9780470891544 (pbk.)  
090 0 0 |a HD 62.6   |b .T4 2011 
100 1 # |a Teegarden, Paige Hull  
245 1 0 |a The nonprofit organizational culture guide :   |b revealing the hidden truths that impact performance   |c Paige Hull Teegarden, Denice Rothman Hinden, Paul Sturm ; foreward by Peter Brinckerhoff. 
260 # # |a San Francisco, CA:   |b Jossey-Bass (A Wiley Imprint),   |c 2011. 
300 # # |a xvii, 174 p.:   |b ill.;   |c 24 cm.. 
504 0 0 |a Includes bibliographical references and index 
590 # # |a Pusat Pendidikan Asas dan Liberal 
650 0 0 |a Nonprofit organizations --   |x Management  
650 0 0 |a Corporate culture  
650 0 0 |a Performance  
700 1 1 |a Sturm, Paul  
700 1 1 |a Brinckerhoff, Peter  
700 1 1 |a Hinden, Denice Rothman  
999 |a 1100082439  |b Book  |c Open Shelf  |e KOLEKSI TERBUKA